Красный сигнал: фантастический роман

Bibliografski detalji
Glavni autor: Слюсаренко С. Сергей
Sažetak:Сын Вадима Малахова идет в Зону, чтобы разыскать своего отца. На своем пути паренек обретает новых неожиданных друзей, раскрывает страшные тайны, при этом он неуклонно стремится к своей цели, уничтожая окружающее зло. Что такое мир Зоны, и какие они, ее обитатели, если смотреть на них с противоположной стороны? Найдет ли сын отца? Чем закончится эта смертельная авантюра? Ответы на эти вопросы вы найдете в книге "Красный сигнал" - заключительной части трилогии о Малахове.
Jezik:ruski
Izdano: Москва, АСТ, 2011
Serija:S.T.A.L.K.E.R.
Teme:
Format: MixedMaterials Knjiga
KOHA link:https://koha.lib.tpu.ru/cgi-bin/koha/opac-detail.pl?biblionumber=343110

MARC

LEADER 00000nam0a2200000 4500
001 343110
005 20231102005526.0
010 |a 9785170736225 
010 |a 978-5-271-36112-8 
035 |a (RuTPU)RU\TPU\book\372870 
090 |a 343110 
100 |a 20190621d2011 m y0rusy50 ca 
101 0 |a rus 
102 |a RU 
105 |a y z 000ay 
200 1 |a Красный сигнал  |e фантастический роман  |f С. Слюсаренко 
210 |a Москва  |c АСТ  |c Астрель  |d 2011 
215 |a 344 с. 
225 1 |a S.T.A.L.K.E.R. 
330 |a Сын Вадима Малахова идет в Зону, чтобы разыскать своего отца. На своем пути паренек обретает новых неожиданных друзей, раскрывает страшные тайны, при этом он неуклонно стремится к своей цели, уничтожая окружающее зло. Что такое мир Зоны, и какие они, ее обитатели, если смотреть на них с противоположной стороны? Найдет ли сын отца? Чем закончится эта смертельная авантюра? Ответы на эти вопросы вы найдете в книге "Красный сигнал" - заключительной части трилогии о Малахове. 
606 1 |a Русская литература современная  |2 stltpush  |3 (RuTPU)RU\TPU\subj\26373  |9 50316 
610 1 |a художественная литература 
610 1 |a фантастика 
675 |a Р2  |v 4 
700 1 |a Слюсаренко  |b С.  |g Сергей 
801 1 |a RU  |b 63413507  |c 20190621 
801 2 |a RU  |b 63413507  |c 20190827  |g RCR 
942 |c BK